Öğretim teknolojileri : (Record no. 33896)
| 000 -BAŞLIK | |
|---|---|
| Sabit Uzunluktaki Kontrol Alanı | 01467nam a22004457a 4500 |
| 001 - KONTROL NUMARASI | |
| Control Dosyası | 0033896 |
| 003 - KONTROL NUMARASI KİMLİĞİ | |
| Kontrol Alanı | KOHA_MİRAKIL |
| 005 - EN SON İŞLEM TARİHİ ve ZAMANI | |
| Kontrol Alanı | 20260207002905.0 |
| 007 - FİZİKSEL TANIM SABİT ALAN - GENEL BİLGİ | |
| Sabit uzunluklu kontrol alanı | ta |
| 008 - SABİT UZUNLUKTAKİ VERİ ÖGELERİ - GENEL BİLGİ | |
| Sabit Alan | 111125b2000 tu a|||gr||||#||||0|tur | |
| 020 ## - ISBN - ULUSLARARASI STANDART KİTAP NUMARASI | |
| Isbn | 9755911073 |
| 040 ## - KATALOGLAMA KAYNAĞI | |
| Özgün Kataloglama Kurumu | TR-BiSEU |
| Kataloglama Dili | tur |
| Çeviri Kurumu | TR-BiSEU |
| Açıklama Kuralları | rda |
| 041 0# - DİL KODU | |
| Metin ya da ses kaydının dil kodu | tur |
| 044 ## - YAYINLAYAN/ÜRETEN KURULUŞUN ÜLKE KODU | |
| ISO country code | tu |
| 050 ## - SINIFLAMA ve YER NUMARASI | |
| Sınıflama Numarası | LB1028.35 |
| Yer Numarası | .Y35 2000 |
| 100 1# - KİŞİ ADI | |
| Yazar Adı (Kişi adı) | Yalın, Halil İbrahim. |
| 245 1# - ESER ADI BİLDİRİMİ | |
| Başlık | Öğretim teknolojileri : |
| Alt Eseradı vb. | materyal gelişirme/ |
| Sorumluluk Bildirimi | Halil İbrahim Yalın ; Halil İbrahim Yalın. |
| 250 ## - BASIM BİLDİRİMİ | |
| Basım Bildirimi | 8. bsk. |
| 264 #1 - ÜRERİM, YAYIN, DAĞITIM ve TELİF BİLDİRİMİ | |
| Yayın yeri | Ankara : |
| Yayınlayan | Nobel Yayın Dağıtım |
| Yayın tarihi | 2000 |
| 300 ## - FİZİKSEL TANIMLAMA | |
| Sayfa, Cilt vb. | 233 sayfa : |
| Diğer fiziki detaylar | grf. şkl. tbl. ; |
| Boyutları | 24 cm. |
| 336 ## - İÇERİK TÜRÜ | |
| Content type term | metin |
| Content type code | txt |
| Source | rdacontent |
| 337 ## - MEDYA TÜRÜ | |
| Media type term | aracısız |
| Media type code | n |
| Source | rdamedia |
| 338 ## - TAŞIYICI TÜRÜ | |
| Carrier type term | cilt |
| Carrier type code | nc |
| Source | rdacarrier |
| 490 1# - DİZİ BİLDİRİMİ | |
| Dizi Bildirimi | Nobel ; |
| Cilt Numarası | yayın no: 129. |
| 490 1# - DİZİ BİLDİRİMİ | |
| Dizi Bildirimi | Eğitim dizisi ; |
| Cilt Numarası | 20 |
| 500 ## - GENEL NOT | |
| Genel Not | Dizin var. |
| 500 ## - GENEL NOT | |
| Genel Not | Kaynakça var. |
| 650 #0 - KONU BAŞLIĞI EK GİRİŞ - KONU TERİMİ | |
| Konusal terim veya coğrafi ad | Educational technology. |
| 9 (RLIN) | 18546 |
| 650 #0 - KONU BAŞLIĞI EK GİRİŞ - KONU TERİMİ | |
| Konusal terim veya coğrafi ad | Computer--Assisted instruction. |
| 9 (RLIN) | 1501 |
| 650 #0 - KONU BAŞLIĞI EK GİRİŞ - KONU TERİMİ | |
| Konusal terim veya coğrafi ad | Teaching--Aids and devices. |
| 9 (RLIN) | 2966 |
| 650 #0 - KONU BAŞLIĞI EK GİRİŞ - KONU TERİMİ | |
| Konusal terim veya coğrafi ad | Audio--Visual education. |
| 9 (RLIN) | 65664 |
| 650 #0 - KONU BAŞLIĞI EK GİRİŞ - KONU TERİMİ | |
| Konusal terim veya coğrafi ad | Instructional systems--Design. |
| 9 (RLIN) | 31213 |
| 650 #0 - KONU BAŞLIĞI EK GİRİŞ - KONU TERİMİ | |
| Konusal terim veya coğrafi ad | Eğitim teknolojisi. |
| 9 (RLIN) | 2964 |
| 650 #0 - KONU BAŞLIĞI EK GİRİŞ - KONU TERİMİ | |
| Konusal terim veya coğrafi ad | Bilgisayar destekli öğretim. |
| 9 (RLIN) | 1500 |
| 650 #0 - KONU BAŞLIĞI EK GİRİŞ - KONU TERİMİ | |
| Konusal terim veya coğrafi ad | Öğretim--Materyaller ve aletler. |
| 9 (RLIN) | 65665 |
| 650 #0 - KONU BAŞLIĞI EK GİRİŞ - KONU TERİMİ | |
| Konusal terim veya coğrafi ad | Görsel işitsel eğitim. |
| 9 (RLIN) | 65666 |
| 830 1# - SERİ EK GİRİŞİ - TEKBİÇİM ESER ADI | |
| Tekbiçim Başlık | Nobel ; |
| Volume number/sequential designation | yayın no: 129. |
| 9 (RLIN) | 62489 |
| 830 1# - SERİ EK GİRİŞİ - TEKBİÇİM ESER ADI | |
| Tekbiçim Başlık | Eğitim dizisi ; |
| Volume number/sequential designation | 20 |
| 9 (RLIN) | 4002 |
| 942 ## - EK GİRİŞ ÖGELERİ (KOHA) | |
| Source of classification or shelving scheme | Library of Congress Classification |
| Koha item type | Book |
| Materyal Türü | Kalıcı Konum | Mevcut Konum | Raf Yeri | Sınıflandırma Kaynağı | Edinim Bilgisi | Ana Konular | Alt Konular | Yer Numarası | Demirbaş Numarası | Fatura Tarihi | Maliyet, Alış Fiyatı | Maliyet, Yenileme Fiyatı | Geri Çekilme Durumu | Kayıp Durumu | Hasarlı Durumu | Kredi için değil | Kayıt Tarih | Toplam Ödünçverme | Son Görülme Tarihi | Son Kontrol Tarihi | Genel / Bağış Notu |
|---|---|---|---|---|---|---|---|---|---|---|---|---|---|---|---|---|---|---|---|---|---|
| Book | Prof. Dr. Azmi Özcan Kütüphanesi | Prof. Dr. Azmi Özcan Kütüphanesi | Uluğbey Salonu | Library of Congress Classification | Bağış | EĞİTİM | Eğitim Teorisi ve Uygulaması | LB1028.35 .Y35 2000 | 0033896 | 02/02/2026 | 5.00 | 5.00 | 25/11/2011 | 3 | 07/05/2025 | 07/05/2025 | Gürsel Çınar |
